The 15 Biggest Cities Starting with K, X, J, Q, and Z - Statistics

General Stats
  • This quiz has been taken 25 times
  • The average score is 20 of 75
Answer Stats
Country Population Answer % Correct
Afghanistan 4.9 m Kabul
92%
Malaysia 9.0 m Kuala Lumpur
92%
Pakistan 18.1 m (K) Karachi
88%
China 9.2 m (X) Xi'an
83%
Sudan 6.8 m Khartoum
79%
Dem. Rep. of Congo 17.8 m Kinshasa
79%
Uganda 4.3 m Kampala
75%
India 15.8 m Kolkata
75%
Kuwait 3.4 m Kuwait City
75%
Ukraine 3.0 m Kyiv
75%
Indonesia 11.6 m (J) Jakarta
71%
South Africa 6.4 m Johannesburg
71%
Nigeria 4.6 m Kano
71%
Ecuador 2.0 m Quito
71%
China 4.1 m Xiamen
71%
Saudi Arabia 5.0 m Jeddah
63%
India 4.4 m Jaipur
50%
Canada 0.9 m Quebec City
50%
China 6.2 m (Q) Qingdao
46%
Iran 1.4 m Qom
46%
India 3.3 m Kanpur
42%
Tanzania 0.9 m Zanzibar
42%
China 6.2 m (Z) Zhengzhou
42%
Ghana 4.0 m Kumasi
38%
China 5.0 m Kunming
38%
Pakistan 1.3 m Quetta
38%
China 6.1 m Jinan
33%
India 1.7 m Jodhpur
29%
China 1.7 m Jilin
25%
India 3.6 m Kochi
25%
China 2.4 m Xuzhou
25%
China 2.9 m Zibo
25%
China 1.3 m Zhuzhou
21%
Brazil 1.4 m Joao Pessoa
17%
China 0.9 m Quzhou
17%
China 1.7 m Xining
17%
Egypt 0.2 m Qena
13%
China 2.0 m Quanzhou
13%
Nigeria 0.8 m Zaria
13%
China 1.6 m Jining
8%
China 1.8 m Xiangyang
8%
China 0.9 m Xinyang
8%
Philippines 1.0 m Zamboanga City
8%
China 1.0 m Zhangzhou
8%
China 3.1 m Zhongshan
8%
India 1.6 m Jabalpur
4%
China 1.8 m Jiangmen
4%
China 1.5 m Jiaxing
4%
Brazil 1.4 m Joinville
4%
India 4.4 m Kozhikode
4%
Uzbekistan 0.3 m Qarshi
4%
Iran 0.6 m Qazvin
4%
China 0.8 m Qingyuan
4%
China 0.9 m Xingtai
4%
China 1.2 m Xinxiang
4%
China 1.1 m Xuchang
4%
China 2.0 m Zhuhai
4%
China 1.4 m Zunyi
4%
China 1.4 m Jieyang
0%
China 1.3 m Jinhua
0%
China 1.8 m Qinhuangdao
0%
China 0.5 m Qionghai
0%
China 1.0 m Qiqihar
0%
China 1.1 m Qujing
0%
China 1.3 m Xiangtan
0%
China 0.8 m Xiaogan
0%
China 0.9 m Xinghua
0%
China 1.1 m Xintai
0%
China 1.0 m Xinyu
0%
China 1.3 m Xiongan
0%
China 1.6 m Zhangjiakou
0%
China 1.4 m Zhanjiang
0%
China 1.3 m Zhenjiang
0%
China 1.0 m Zhucheng
0%
China 0.9 m Zhumadian
0%
No matching quizzes found
Score Distribution
Percent of People with Each Score
Percentile by Number Answered
Your Score History
You have not taken this quiz